Darts Checkout Speed Quiz - Statistics

General Stats
  • This quiz has been taken 1,804 times
  • The average score is 8 of 15
Answer Stats
Darts hit Checkout % Correct
T20+T20+BULL 170
100%
T20+T19+D20 157
90%
T20+6+D20 106
82%
T20+T19+D12 141
79%
25+T20+D20 125
72%
T19+12+BULL 119
64%
T19+T14+D20 139
43%
T19+14+D20 111
37%
25+T20+BULL 135
33%
T20+T17+BULL 161
32%
T20+13+D16 105
29%
T19+10+D16 99
29%
T20+T18+D18 150
26%
T20+T15+D20 145
25%
T18+18+BULL 122
23%
No matching quizzes found
Score Distribution
Percent of People with Each Score
Percentile by Number Answered
Your Score History
You have not taken this quiz